Pokémon - Les attaques de Mélancolux - Statistiques

Statistiques générales
  • Ce quiz a été pris 10 fois
  • Le résultat moyen est 13 sur 16
Statistiques - réponses
Niveaux Types Noms des attaques % Correct
Niveau 36 Spectre Ball'Ombre
100%
Niveau 16 Spectre Châtiment
100%
Départ Spectre Étonnement
100%
Niveau 40 Feu Feu d'Enfer
100%
Départ Feu Flammèche
100%
Niveau 32 Spectre Malédiction
100%
Niveau 24 Feu Danse Flammes
83%
Niveau 20 Feu Feu Follet
83%
Niveau 64 Ténèbres Souvenir
83%
Niveau 58 Feu Surchauffe
83%
Niveau 28 Spectre Ombre Nocturne
67%
Niveau 12 Spectre Onde Folie
67%
Départ Poison Purédpois
67%
Niveau 46 Psy Possessif
50%
Niveau 52 Normal Balance
33%
Départ Normal Lilliput
33%
Aucun quiz correspondant
Distribution des résultats
% des personnes avec chaque résultat
Percentile par nombre de réponses
Votre historique - résultats
Vous n’avez pas pris ce quiz